000 00750nam a2200265 i 4500
001 C2-0272590
003 PPAK
005 20180728002121.0
008 060809s2006 my a|||| ||||| | eng d
020 _a9834244614
040 _aPPAK
_beng
_cPPAK
_erda
082 0 4 _a428.6
_223
090 0 0 _a428.6
_bMUH
_dK
100 0 _aMuhammad bin Harun,
_eauthor
245 1 0 _aDiwali festival of lights
264 1 _aSubang Jaya, Selangor :
_bMika Cemerlang ,
_c2006
300 _a31 pages :
_billustrations ;
_c25 cm
336 _2rdacontent
_atext
337 _2rdamedia
_aunmediated
338 _2rdacarrier
_avolume
490 1 _aChildren's activity series
650 1 0 _aReaders - Fiction
830 0 _aChildren's activity series
942 _ddc
_cB
999 _c80542
_d80542